00349nam a22001097a 4500100003100000245005600031260002700087300000900114650004500123700003800168856003300206 aAaksh Ali Sahitoa17MSIT01 aSarcasm Detection of Political News on Social Media aNawabshahbQuestc2021 a21p. aMaster of Science in Information Science aDepartment of Information Science uhttps://tinyurl.com/f5ynm78j